000 00330 a2200145 4500
001 177514
020 _a
040 _cMagnum
100 _aPinto,frances Rodrigues
240 1 0 _aO menino que queria voar
_lpor
245 1 0 _aO menino que queria voar
362 0 _a1899
697 _aMAGNITO: I/AVENTURA, CRIANCAS
942 _cBK
999 _c177514
_d177514